A truly decolonised historian Dr. Vidya Sagar Anand / (Record no. 151202)

MARC details
000 -LEADER
fixed length control field 00768nam a22002057a 4500
005 - DATE AND TIME OF LATEST TRANSACTION
control field 20180416102717.0
010 ## - LCCN (DPL NO)
LC control number B-690782-783
020 ## - INTERNATIONAL STANDARD BOOK NUMBER
International Standard Book Number 9788180423529
Terms of availability 600.00
035 ## - SYSTEM CONTROL NUMBER
System control number B-690782-783
037 ## - SOURCE OF ACQUISITION
Source of stock number/acquisition Modern Pub. House
Stock number dpl
082 ## - DEWEY DECIMAL CLASSIFICATION NUMBER
Classification number 921
100 ## - MAIN ENTRY--PERSONAL NAME
Personal name Lotay, Rajinder Kaur
245 ## - TITLE STATEMENT
Title A truly decolonised historian Dr. Vidya Sagar Anand /
Statement of responsibility, etc by Rajinder Kaur Lotay
260 ## - PUBLICATION, DISTRIBUTION, ETC. (IMPRINT)
Place of publication, distribution, etc New Delhi
Name of publisher, distributor, etc Modern Pub. House
Date of publication, distribution, etc 2017
270 ## - ADDRESS
Address 9, Gole Market, Daryaganj,
City New Delhi
Postal code 110002
300 ## - PHYSICAL DESCRIPTION
Extent 176p.
Dimensions 23cm(Hb)
500 ## - GENERAL NOTE
General note Balidani
942 ## - ADDED ENTRY ELEMENTS (KOHA)
Source of classification or shelving scheme Dewey Decimal Classification
Item type English Books
Call number suffix LOT
Classification part 921
Holdings
Withdrawn status Lost status Not for loan Collection code Home library Current library Date acquired Source of acquisition Cost, normal purchase price Full call number Barcode Copy number Cost, replacement price Koha item type
      Non-fiction Central Library Central Library 16/04/2018 MPH/9082/5.3.2018/Balidani/EN/792/19.2.2018/10.3.2018 600.00 921 LOT B-690782 1 600.00 English Books
      Non-fiction Sarojini Nagar Sarojini Nagar 16/04/2018 MPH/9082/5.3.2018/Balidani/EN/792/19.2.2018/10.3.2018 600.00 921 LOT B-690783 1 600.00 English Books

© Delhi Public Library
Hit Counter
free hit counter